00737cam a22002173a 450000100060000000300060000600500170001200800410002904000150007004200070008510000390009224501280013126000290025950000410028850600300032951600200035965300470037970000220042683000290044885600420047742590PGUSA20140828083950.0130424s2013||||xxu|||||s|||||000 | eng d aPGUSAbeng adc1 aJohnson, R. Byronq(Richard Byron)10aDans l'extrême Far West :bAventures d'un émigrant dans la Colombie anglaiseh[electronic resource] /cR. Byron Johnson bProject Gutenberg,c2013 aTranslation of: Very Far West Indeed aPublic domain in the USA. aElectronic text aBritish Columbia -- Description and travel1 aTalandier, Alfred 0aProject Gutenbergv4259040uhttp://www.gutenberg.org/ebooks/42590